[Event "DVM U14w 2018"]
[Site "Neumünster GER"]
[Date "2018.12.30"]
[Round "7"]
[White "Gehrke, Gina Celina"]
[Black "Dietz, Kristin"]
[Result "1-0"]
[Termination "normal"]
[Board "2.1"]
[WhiteElo "1366"]
[BlackElo "1735"]
[WhiteClock "01:28:16"]
[BlackClock "00:46:22"]
[WhiteTeam "SC Weisse Dame"]
[BlackTeam "USV Halle"]
[PlyCount "57"]
[WhiteFideId "16205979"]
[BlackFideId "12993743"]
[EventCountry "GER"]
[EventRounds "7"]
[EventType "team-swiss"]
[EventDate "2018.12.26"]

1. d4 {[%clk 01:30:58]} {[%emt 00:00:01]} Nf6 {[%clk 01:30:54]} {[%emt
00:00:07]} 2. e3 {[%clk 01:31:18]} {[%emt 00:00:09]} c5 {[%clk 01:31:08]}
{[%emt 00:00:16]} 3. c3 {[%clk 01:31:35]} {[%emt 00:00:13]} d5 {[%clk
01:30:51]} {[%emt 00:00:48]} 4. Bd3 {[%clk 01:31:45]} {[%emt 00:00:19]} e6
{[%clk 01:30:59]} {[%emt 00:00:22]} 5. f4 {[%clk 01:31:35]} {[%emt 00:00:40]}
Nc6 {[%clk 01:29:40]} {[%emt 00:01:50]} 6. Nf3 {[%clk 01:31:41]} {[%emt
00:00:23]} Be7 {[%clk 01:29:16]} {[%emt 00:00:54]} 7. Nbd2 {[%clk 01:31:13]}
{[%emt 00:00:58]} a6 {[%clk 01:27:57]} {[%emt 00:01:50]} 8. Ne5 {[%clk
01:29:41]} {[%emt 00:02:01]} Qc7 {[%clk 01:18:58]} {[%emt 00:09:29]} 9. O-O
{[%clk 01:29:36]} {[%emt 00:00:35]} b5 {[%clk 01:13:22]} {[%emt 00:06:06]} 10.
a3 {[%clk 01:29:55]} {[%emt 00:00:11]} Bb7 {[%clk 01:13:29]} {[%emt 00:00:23]}
11. Qe2 {[%clk 01:29:03]} {[%emt 00:01:22]} Nxe5 {[%clk 01:06:02]} {[%emt
00:07:57]} 12. fxe5 {[%clk 01:29:22]} {[%emt 00:00:11]} Ne4 {[%clk 01:04:49]}
{[%emt 00:01:42]} 13. Qf3 {[%clk 01:29:12]} {[%emt 00:00:40]} Ng5 {[%clk
01:04:16]} {[%emt 00:01:03]} 14. Qf4 {[%clk 01:28:32]} {[%emt 00:01:10]} f6
{[%clk 01:02:44]} {[%emt 00:02:03]} 15. exf6 {[%clk 01:27:55]} {[%emt
00:01:07]} Qxf4 {[%clk 01:01:32]} {[%emt 00:01:42]} 16. exf4 {[%clk 01:27:47]}
{[%emt 00:00:38]} Bxf6 {[%clk 01:01:22]} {[%emt 00:00:41]} 17. fxg5 {[%clk
01:28:02]} {[%emt 00:00:13]} Bxg5 {[%clk 01:01:44]} {[%emt 00:00:09]} 18. Nf3
{[%clk 01:28:02]} {[%emt 00:00:30]} Bxc1 {[%clk 01:01:04]} {[%emt 00:01:10]}
19. Raxc1 {[%clk 01:28:23]} {[%emt 00:00:09]} c4 {[%clk 00:59:06]} {[%emt
00:02:28]} 20. Bc2 {[%clk 01:28:25]} {[%emt 00:00:28]} O-O-O {[%clk 00:56:38]}
{[%emt 00:02:57]} 21. Ne5 {[%clk 01:28:22]} {[%emt 00:00:34]} Rhe8 {[%clk
00:52:56]} {[%emt 00:04:13]} 22. Rf7 {[%clk 01:27:26]} {[%emt 00:01:26]} Rf8
{[%clk 00:50:38]} {[%emt 00:02:48]} 23. Rcf1 {[%clk 01:27:38]} {[%emt
00:00:17]} Rxf7 {[%clk 00:49:54]} {[%emt 00:01:14]} 24. Rxf7 {[%clk 01:27:57]}
{[%emt 00:00:11]} h6 {[%clk 00:48:36]} {[%emt 00:01:48]} 25. Rxg7 {[%clk
01:28:11]} {[%emt 00:00:15]} Re8 {[%clk 00:47:13]} {[%emt 00:01:54]} 26. Nf7
{[%clk 01:27:21]} {[%emt 00:01:20]} Re7 {[%clk 00:45:32]} {[%emt 00:02:11]} 27.
Nd6+ {[%clk 01:27:34]} {[%emt 00:00:17]} Kd7 {[%clk 00:45:56]} {[%emt
00:00:06]} 28. Rxe7+ {[%clk 01:27:56]} {[%emt 00:00:08]} Kxe7 {[%clk 00:46:22]}
{[%emt 00:00:05]} 29. Nxb7 {[%clk 01:28:16]} {[%emt 00:00:09]} 1-0

[Event "DVM U14w 2018"]
[Site "Neumünster GER"]
[Date "2018.12.30"]
[Round "7"]
[White "Stowicek, Yara Mathilda"]
[Black "Gutmann, Anna"]
[Result "0-1"]
[Termination "normal"]
[Board "2.2"]
[WhiteElo "1651"]
[BlackElo "1499"]
[WhiteClock "00:28:27"]
[BlackClock "00:37:23"]
[WhiteTeam "USV Halle"]
[BlackTeam "SC Weisse Dame"]
[PlyCount "86"]
[WhiteFideId "16203569"]
[BlackFideId "16208889"]
[EventCountry "GER"]
[EventRounds "7"]
[EventType "team-swiss"]
[EventDate "2018.12.26"]

1. e4 {[%clk 01:30:58]} {[%emt 00:00:01]} c6 {[%clk 01:30:56]} {[%emt
00:00:05]} 2. d4 {[%clk 01:31:21]} {[%emt 00:00:07]} d5 {[%clk 01:31:22]}
{[%emt 00:00:04]} 3. exd5 {[%clk 01:31:43]} {[%emt 00:00:08]} cxd5 {[%clk
01:31:46]} {[%emt 00:00:06]} 4. Bd3 {[%clk 01:32:02]} {[%emt 00:00:11]} Nc6
{[%clk 01:32:08]} {[%emt 00:00:08]} 5. c3 {[%clk 01:32:20]} {[%emt 00:00:12]}
Qc7 {[%clk 01:32:29]} {[%emt 00:00:09]} 6. h3 {[%clk 01:31:48]} {[%emt
00:01:02]} Nf6 {[%clk 01:32:45]} {[%emt 00:00:13]} 7. Ne2 {[%clk 01:30:29]}
{[%emt 00:01:49]} Bd7 {[%clk 01:26:16]} {[%emt 00:07:00]} 8. Bf4 {[%clk
01:25:42]} {[%emt 00:05:17]} e5 {[%clk 01:24:41]} {[%emt 00:02:05]} 9. dxe5
{[%clk 01:21:19]} {[%emt 00:04:53]} Nxe5 {[%clk 01:23:14]} {[%emt 00:01:57]}
10. O-O {[%clk 01:16:00]} {[%emt 00:05:48]} Bd6 {[%clk 01:20:24]} {[%emt
00:03:20]} 11. Re1 {[%clk 01:08:10]} {[%emt 00:08:20]} O-O-O {[%clk 01:16:32]}
{[%emt 00:04:22]} 12. Bxe5 {[%clk 01:06:05]} {[%emt 00:02:36]} Bxe5 {[%clk
01:15:56]} {[%emt 00:01:05]} 13. Nd2 {[%clk 01:04:51]} {[%emt 00:01:45]} h5
{[%clk 01:02:25]} {[%emt 00:14:01]} 14. Nd4 {[%clk 01:03:27]} {[%emt 00:01:54]}
a6 {[%clk 00:50:29]} {[%emt 00:12:26]} 15. a4 {[%clk 01:02:09]} {[%emt
00:01:48]} g5 {[%clk 00:48:03]} {[%emt 00:02:55]} 16. b4 {[%clk 00:58:47]}
{[%emt 00:03:53]} h4 {[%clk 00:44:44]} {[%emt 00:03:48]} 17. b5 {[%clk
00:56:15]} {[%emt 00:03:04]} g4 {[%clk 00:37:45]} {[%emt 00:07:28]} 18. Bf5
{[%clk 00:38:30]} {[%emt 00:18:15]} Bxf5 {[%clk 00:33:48]} {[%emt 00:04:27]}
19. Nxf5 {[%clk 00:38:41]} {[%emt 00:00:18]} gxh3 {[%clk 00:32:33]} {[%emt
00:01:46]} 20. gxh3 {[%clk 00:37:58]} {[%emt 00:01:12]} Rhg8+ {[%clk 00:27:19]}
{[%emt 00:05:44]} 21. Kf1 {[%clk 00:36:10]} {[%emt 00:02:19]} Ne4 {[%clk
00:23:55]} {[%emt 00:03:54]} 22. Nf3 {[%clk 00:32:55]} {[%emt 00:03:44]} Qc5
{[%clk 00:18:52]} {[%emt 00:05:33]} 23. N5d4 {[%clk 00:31:52]} {[%emt
00:01:34]} Bf4 {[%clk 00:17:38]} {[%emt 00:01:43]} 24. Ra2 {[%clk 00:27:22]}
{[%emt 00:05:00]} a5 {[%clk 00:16:48]} {[%emt 00:01:20]} 25. Qd3 {[%clk
00:21:52]} {[%emt 00:06:00]} Rde8 {[%clk 00:15:46]} {[%emt 00:01:33]} 26. Nb3
{[%clk 00:19:16]} {[%emt 00:03:06]} Qd6 {[%clk 00:14:03]} {[%emt 00:02:12]} 27.
Nbd4 {[%clk 00:14:11]} {[%emt 00:05:36]} Qc5 {[%clk 00:13:04]} {[%emt
00:01:27]} 28. Ree2 {[%clk 00:12:30]} {[%emt 00:02:12]} Kb8 {[%clk 00:12:53]}
{[%emt 00:00:42]} 29. Rec2 {[%clk 00:11:51]} {[%emt 00:01:08]} Rc8 {[%clk
00:13:02]} {[%emt 00:00:21]} 30. Nb3 {[%clk 00:11:08]} {[%emt 00:01:14]} Qb6
{[%clk 00:12:22]} {[%emt 00:01:10]} 31. c4 {[%clk 00:09:28]} {[%emt 00:02:09]}
Rge8 {[%clk 00:10:34]} {[%emt 00:02:18]} 32. cxd5 {[%clk 00:05:58]} {[%emt
00:04:00]} Rcd8 {[%clk 00:10:26]} {[%emt 00:00:38]} 33. Re2 {[%clk 00:05:05]}
{[%emt 00:01:24]} f5 {[%clk 00:10:01]} {[%emt 00:00:54]} 34. Nxh4 {[%clk
00:04:21]} {[%emt 00:01:14]} Qf6 {[%clk 00:09:38]} {[%emt 00:00:53]} 35. Nf3
{[%clk 00:03:56]} {[%emt 00:00:56]} Qh6 {[%clk 00:09:32]} {[%emt 00:00:35]} 36.
h4 {[%clk 00:03:37]} {[%emt 00:00:50]} Rg8 {[%clk 00:09:12]} {[%emt 00:00:49]}
37. Nxa5 {[%clk 00:03:03]} {[%emt 00:01:04]} Qg6 {[%clk 00:09:11]} {[%emt
00:00:31]} 38. Rec2 {[%clk 00:02:36]} {[%emt 00:00:57]} Qg2+ {[%clk 00:09:04]}
{[%emt 00:00:37]} 39. Ke1 {[%clk 00:02:15]} {[%emt 00:00:50]} Qh1+ {[%clk
00:08:32]} {[%emt 00:01:03]} 40. Ke2 {[%clk 00:02:07]} {[%emt 00:00:39]} Ng3+
{[%clk 00:08:04]} {[%emt 00:00:57]} 41. fxg3 {[%clk 00:02:20]} {[%emt
00:00:17]} Rde8+ {[%clk 00:08:20]} {[%emt 00:00:13]} 42. Ne5 {[%clk 00:28:23]}
{[%emt 00:04:28]} Rxe5+ {[%clk 00:38:29]} {[%emt 00:00:21]} 43. Kf2 {[%clk
00:28:27]} {[%emt 00:00:24]} Qe1+ {[%clk 00:37:23]} {[%emt 00:01:38]} 0-1

[Event "DVM U14w 2018"]
[Site "Neumünster GER"]
[Date "2018.12.30"]
[Round "7"]
[White "Fayngold, Sophie Olivia"]
[Black "Fritsch, Lea"]
[Result "0-1"]
[Termination "normal"]
[Board "2.3"]
[WhiteElo "1378"]
[BlackElo "1606"]
[WhiteClock "00:14:30"]
[BlackClock "00:13:25"]
[WhiteTeam "SC Weisse Dame"]
[BlackTeam "USV Halle"]
[PlyCount "112"]
[WhiteFideId "16244761"]
[BlackFideId "16212436"]
[EventCountry "GER"]
[EventRounds "7"]
[EventType "team-swiss"]
[EventDate "2018.12.26"]

1. e4 {[%clk 01:30:59]} {[%emt 13:47:21]} c5 {[%clk 01:30:56]} {[%emt
00:00:04]} 2. Nf3 {[%clk 01:31:25]} {[%emt 00:00:04]} Nc6 {[%clk 01:31:08]}
{[%emt 00:00:19]} 3. d4 {[%clk 01:31:43]} {[%emt 00:00:11]} cxd4 {[%clk
01:31:35]} {[%emt 00:00:03]} 4. Nxd4 {[%clk 01:32:07]} {[%emt 00:00:06]} Nf6
{[%clk 01:31:58]} {[%emt 00:00:07]} 5. Nc3 {[%emt 00:00:07]} d6 {[%clk
01:32:14]} {[%emt 00:00:13]} 6. f3 {[%clk 01:32:41]} {[%emt 00:00:21]} g6
{[%clk 01:31:48]} {[%emt 00:00:56]} 7. Be3 {[%clk 01:32:47]} {[%emt 00:00:23]}
Bg7 {[%clk 01:32:08]} {[%emt 00:00:10]} 8. Qd2 {[%clk 01:32:55]} {[%emt
00:00:22]} Bd7 {[%clk 01:32:33]} {[%emt 00:00:05]} 9. O-O-O {[%clk 01:28:04]}
{[%emt 00:05:21]} Rc8 {[%clk 01:25:19]} {[%emt 00:07:44]} 10. g4 {[%clk
01:23:39]} {[%emt 00:04:55]} a6 {[%clk 01:19:21]} {[%emt 00:06:29]} 11. h4
{[%clk 01:19:11]} {[%emt 00:04:56]} b5 {[%clk 01:04:39]} {[%emt 00:15:13]} 12.
Nb3 {[%clk 01:05:35]} {[%emt 00:14:06]} Na5 {[%clk 00:47:23]} {[%emt 00:17:46]}
13. Kb1 {[%clk 00:57:34]} {[%emt 00:08:31]} Nc4 {[%clk 00:46:07]} {[%emt
00:01:46]} 14. Bxc4 {[%clk 00:51:56]} {[%emt 00:06:07]} Rxc4 {[%clk 00:33:09]}
{[%emt 00:13:28]} 15. e5 {[%clk 00:41:22]} {[%emt 00:11:05]} dxe5 {[%clk
00:21:48]} {[%emt 00:11:50]} 16. g5 {[%clk 00:40:44]} {[%emt 00:01:08]} Nh5
{[%clk 00:20:40]} {[%emt 00:01:38]} 17. Nc5 {[%clk 00:38:27]} {[%emt 00:02:47]}
Rxc5 {[%clk 00:18:45]} {[%emt 00:02:26]} 18. Bxc5 {[%clk 00:38:33]} {[%emt
00:00:24]} Qc8 {[%clk 00:18:23]} {[%emt 00:00:48]} 19. Rhe1 {[%clk 00:32:29]}
{[%emt 00:06:37]} Bc6 {[%clk 00:15:46]} {[%emt 00:03:05]} 20. Bb6 {[%clk
00:29:11]} {[%emt 00:03:51]} O-O {[%clk 00:15:45]} {[%emt 00:00:30]} 21. Ne4
{[%clk 00:23:46]} {[%emt 00:05:55]} Qe6 {[%clk 00:12:44]} {[%emt 00:03:20]} 22.
Bc5 {[%clk 00:19:18]} {[%emt 00:05:09]} Rc8 {[%clk 00:11:24]} {[%emt 00:01:47]}
23. Bb4 {[%clk 00:17:22]} {[%emt 00:02:29]} Re8 {[%clk 00:08:48]} {[%emt
00:03:06]} 24. Re3 {[%clk 00:15:00]} {[%emt 00:02:53]} Qc8 {[%clk 00:06:56]}
{[%emt 00:02:20]} 25. Rc3 {[%clk 00:14:48]} {[%emt 00:00:43]} Qa8 {[%clk
00:06:54]} {[%emt 00:00:32]} 26. Qe3 {[%clk 00:13:13]} {[%emt 00:02:04]} Nf4
{[%clk 00:06:58]} {[%emt 00:00:27]} 27. Qe1 {[%clk 00:09:31]} {[%emt 00:04:12]}
a5 {[%clk 00:04:13]} {[%emt 00:03:15]} 28. Bc5 {[%clk 00:08:05]} {[%emt
00:01:56]} b4 {[%clk 00:04:19]} {[%emt 00:00:25]} 29. Rb3 {[%clk 00:02:09]}
{[%emt 00:06:26]} Ba4 {[%clk 00:04:27]} {[%emt 00:00:22]} 30. Rxb4 {[%clk
00:02:16]} {[%emt 00:00:23]} axb4 {[%clk 00:04:45]} {[%emt 00:00:12]} 31. Bxb4
{[%clk 00:02:32]} {[%emt 00:00:13]} Bc6 {[%clk 00:04:18]} {[%emt 00:00:54]} 32.
Bc3 {[%clk 00:01:58]} {[%emt 00:01:07]} Rd8 {[%clk 00:04:00]} {[%emt 00:00:47]}
33. Rxd8+ {[%clk 00:01:59]} {[%emt 00:00:31]} Qxd8 {[%clk 00:04:28]} {[%emt
00:00:01]} 34. a3 {[%clk 00:02:08]} {[%emt 00:00:22]} Qc7 {[%clk 00:04:23]}
{[%emt 00:00:33]} 35. Nd2 {[%clk 00:01:55]} {[%emt 00:00:44]} Bd5 {[%clk
00:03:52]} {[%emt 00:01:01]} 36. Ne4 {[%clk 00:01:09]} {[%emt 00:01:16]} Be6
{[%clk 00:03:25]} {[%emt 00:00:53]} 37. Nd2 {[%clk 00:01:05]} {[%emt 00:00:38]}
Nd5 {[%clk 00:03:09]} {[%emt 00:00:45]} 38. Ne4 {[%clk 00:01:12]} {[%emt
00:00:25]} Nxc3+ {[%clk 00:03:23]} {[%emt 00:00:15]} 39. Nxc3 {[%clk 00:01:38]}
{[%emt 00:00:04]} Qc6 {[%clk 00:03:17]} {[%emt 00:00:35]} 40. Qe2 {[%clk
00:01:54]} {[%emt 00:00:16]} Bf5 {[%clk 00:02:57]} {[%emt 00:00:49]} 41. Qe3
{[%clk 00:01:05]} {[%emt 00:01:18]} Qb7 {[%clk 00:02:00]} {[%emt 00:01:23]} 42.
Qe2 {[%clk 00:28:32]} {[%emt 00:03:08]} e4 {[%clk 00:31:53]} {[%emt 00:00:38]}
43. Qd2 {[%clk 00:27:02]} {[%emt 00:01:59]} exf3 {[%clk 00:31:12]} {[%emt
00:01:11]} 44. Qd8+ {[%clk 00:27:04]} {[%emt 00:00:28]} Bf8 {[%clk 00:31:33]}
{[%emt 00:00:09]} 45. Qd4 {[%clk 00:26:55]} {[%emt 00:00:39]} Qa6 {[%clk
00:29:44]} {[%emt 00:02:18]} 46. Qf2 {[%clk 00:25:25]} {[%emt 00:02:00]} Qc6
{[%clk 00:29:37]} {[%emt 00:00:30]} 47. Qd4 {[%clk 00:24:56]} {[%emt 00:01:06]}
Qb7 {[%clk 00:28:57]} {[%emt 00:01:09]} 48. Nd1 {[%clk 00:22:21]} {[%emt
00:03:06]} Qc7 {[%clk 00:27:04]} {[%emt 00:02:23]} 49. Qd2 {[%clk 00:21:35]}
{[%emt 00:01:16]} e5 {[%clk 00:17:22]} {[%emt 00:10:13]} 50. Qh2 {[%clk
00:20:07]} {[%emt 00:01:54]} Bd6 {[%clk 00:15:48]} {[%emt 00:02:09]} 51. Qf2
{[%clk 00:19:25]} {[%emt 00:01:06]} e4 {[%clk 00:15:49]} {[%emt 00:00:34]} 52.
Qd2 {[%clk 00:16:13]} {[%emt 00:03:42]} Bf4 {[%clk 00:14:30]} {[%emt 00:01:49]}
53. Qf2 {[%clk 00:14:15]} {[%emt 00:02:27]} e3 {[%clk 00:12:16]} {[%emt
00:02:45]} 54. Nxe3 {[%clk 00:14:18]} {[%emt 00:00:26]} Bxe3 {[%clk 00:12:43]}
{[%emt 00:00:04]} 55. Qxe3 {[%clk 00:14:30]} {[%emt 00:00:18]} Qxc2+ {[%clk
00:13:06]} {[%emt 00:00:04]} 56. Ka2 {[%clk 00:14:30]} {[%emt 00:00:33]} Be6+
{[%clk 00:13:25]} {[%emt 00:00:11]} 0-1

[Event "DVM U14w 2018"]
[Site "Neumünster GER"]
[Date "2018.12.30"]
[Round "7"]
[White "Basovskiy, Jana"]
[Black "Brunner, Sophia"]
[Result "1-0"]
[Termination "normal"]
[Board "3.1"]
[WhiteElo "1768"]
[BlackElo "1755"]
[WhiteClock "00:24:18"]
[BlackClock "00:14:32"]
[WhiteTeam "SF Sasbach"]
[BlackTeam "SC Papenburg"]
[PlyCount "117"]
[WhiteFideId "16208617"]
[BlackFideId "12960683"]
[EventCountry "GER"]
[EventRounds "7"]
[EventType "team-swiss"]
[EventDate "2018.12.26"]

1. e4 {[%clk 01:30:59]} d5 {[%clk 01:30:55]} {[%emt 00:00:05]} 2. exd5 {[%clk
01:31:25]} {[%emt 00:00:04]} Nf6 {[%clk 01:31:21]} {[%emt 00:00:04]} 3. Bb5+
{[%clk 01:31:48]} {[%emt 00:00:08]} Bd7 {[%clk 01:29:38]} {[%emt 00:02:13]} 4.
Be2 {[%clk 01:32:09]} {[%emt 00:00:08]} Nxd5 {[%clk 01:15:52]} {[%emt
00:14:17]} 5. d4 {[%clk 01:32:23]} {[%emt 00:00:16]} Bf5 {[%clk 01:12:56]}
{[%emt 00:03:26]} 6. Nf3 {[%clk 01:32:27]} {[%emt 00:00:25]} c6 {[%clk
01:07:11]} {[%emt 00:06:15]} 7. O-O {[%clk 01:31:24]} {[%emt 00:01:33]} e6
{[%clk 01:07:18]} {[%emt 00:00:23]} 8. a3 {[%clk 01:31:35]} {[%emt 00:00:19]}
Be7 {[%clk 01:06:02]} {[%emt 00:01:47]} 9. c4 {[%clk 01:31:42]} {[%emt
00:00:23]} Nf6 {[%clk 01:02:15]} {[%emt 00:04:17]} 10. Nc3 {[%clk 01:31:35]}
{[%emt 00:00:36]} O-O {[%clk 00:59:14]} {[%emt 00:03:31]} 11. Bf4 {[%clk
01:05:11]} {[%emt 00:26:53]} Na6 {[%clk 00:33:51]} {[%emt 00:25:54]} 12. b4
{[%clk 01:03:19]} {[%emt 00:02:22]} Nc7 {[%clk 00:32:54]} {[%emt 00:01:27]} 13.
Qb3 {[%clk 00:49:58]} {[%emt 00:13:49]} Ne4 {[%clk 00:23:52]} {[%emt 00:09:34]}
14. Rfd1 {[%clk 00:42:37]} {[%emt 00:07:49]} Bd6 {[%clk 00:18:44]} {[%emt
00:05:40]} 15. Bxd6 {[%clk 00:42:06]} {[%emt 00:01:01]} Qxd6 {[%clk 00:18:09]}
{[%emt 00:01:06]} 16. a4 {[%clk 00:31:05]} {[%emt 00:11:30]} Nxc3 {[%clk
00:15:56]} {[%emt 00:02:43]} 17. Qxc3 {[%clk 00:31:06]} {[%emt 00:00:30]} a6
{[%clk 00:14:09]} {[%emt 00:02:17]} 18. Ne5 {[%clk 00:26:29]} {[%emt 00:05:06]}
Qe7 {[%clk 00:06:59]} {[%emt 00:07:40]} 19. Qb2 {[%clk 00:16:23]} {[%emt
00:10:36]} Qd6 {[%clk 00:02:02]} {[%emt 00:05:27]} 20. c5 {[%clk 00:15:25]}
{[%emt 00:01:27]} Qe7 {[%clk 00:01:53]} {[%emt 00:00:39]} 21. Bf3 {[%clk
00:15:23]} {[%emt 00:00:32]} Rfd8 {[%clk 00:01:09]} {[%emt 00:01:15]} 22. Nc4
{[%clk 00:15:24]} {[%emt 00:00:28]} Rab8 {[%clk 00:01:05]} {[%emt 00:00:35]}
23. Nd6 {[%clk 00:13:54]} {[%emt 00:02:00]} Bg6 {[%clk 00:00:59]} {[%emt
00:00:36]} 24. Qe2 {[%clk 00:12:05]} {[%emt 00:02:17]} Ne8 {[%clk 00:01:07]}
{[%emt 00:00:25]} 25. Nc4 {[%clk 00:11:39]} {[%emt 00:00:54]} Nc7 {[%clk
00:01:08]} {[%emt 00:00:30]} 26. Nb6 {[%clk 00:09:42]} {[%emt 00:02:27]} Na8
{[%clk 00:01:17]} {[%emt 00:00:21]} 27. Nxa8 {[%clk 00:09:08]} {[%emt
00:01:04]} Rxa8 {[%clk 00:01:46]} 28. d5 {[%clk 00:09:12]} {[%emt 00:00:26]}
cxd5 {[%clk 00:01:58]} {[%emt 00:00:19]} 29. Bxd5 {[%clk 00:08:19]} {[%emt
00:01:22]} Qc7 {[%clk 00:02:10]} {[%emt 00:00:18]} 30. Bf3 {[%clk 00:08:11]}
{[%emt 00:00:37]} h6 {[%clk 00:01:51]} {[%emt 00:00:51]} 31. Qc4 {[%clk
00:07:58]} {[%emt 00:00:41]} Rab8 {[%clk 00:00:40]} {[%emt 00:01:42]} 32. b5
{[%clk 00:06:44]} {[%emt 00:01:44]} axb5 {[%clk 00:01:04]} {[%emt 00:00:06]}
33. axb5 {[%clk 00:07:10]} {[%emt 00:00:04]} Rxd1+ {[%clk 00:01:23]} {[%emt
00:00:11]} 34. Rxd1 {[%clk 00:07:33]} {[%emt 00:00:07]} Bf5 {[%clk 00:01:16]}
{[%emt 00:00:37]} 35. c6 {[%clk 00:06:04]} {[%emt 00:01:59]} bxc6 {[%clk
00:01:29]} {[%emt 00:00:17]} 36. Bxc6 {[%clk 00:06:22]} {[%emt 00:00:12]} e5
{[%clk 00:01:52]} {[%emt 00:00:07]} 37. Qd5 {[%clk 00:05:43]} {[%emt 00:01:05]}
Be6 {[%clk 00:01:47]} {[%emt 00:00:39]} 38. Qc5 {[%clk 00:04:18]} {[%emt
00:01:54]} Kh8 {[%clk 00:00:40]} {[%emt 00:01:39]} 39. h3 {[%clk 00:04:08]}
{[%emt 00:00:40]} Kg8 {[%clk 00:00:50]} {[%emt 00:00:20]} 40. Ra1 {[%clk
00:02:50]} {[%emt 00:01:46]} Kh8 {[%clk 00:00:34]} {[%emt 00:00:47]} 41. Ra7
{[%clk 00:02:12]} {[%emt 00:01:07]} Qd8 {[%clk 00:16:47]} {[%emt 00:14:18]} 42.
Qxe5 {[%clk 00:26:49]} {[%emt 00:05:53]} Kg8 {[%clk 00:13:58]} {[%emt
00:03:19]} 43. Qxb8 {[%clk 00:23:08]} {[%emt 00:04:12]} Qxb8 {[%clk 00:14:25]}
{[%emt 00:00:03]} 44. Ra8 {[%clk 00:23:33]} {[%emt 00:00:05]} Qxa8 {[%clk
00:14:53]} {[%emt 00:00:02]} 45. Bxa8 {[%clk 00:23:57]} {[%emt 00:00:05]} Bc8
{[%clk 00:15:02]} {[%emt 00:00:21]} 46. b6 {[%clk 00:24:24]} {[%emt 00:00:03]}
Kf8 {[%clk 00:15:26]} {[%emt 00:00:06]} 47. b7 {[%clk 00:24:49]} {[%emt
00:00:05]} Bxb7 {[%clk 00:15:54]} {[%emt 00:00:02]} 48. Bxb7 {[%clk 00:25:15]}
{[%emt 00:00:04]} Ke7 {[%clk 00:16:21]} {[%emt 00:00:03]} 49. Kf1 {[%clk
00:25:39]} {[%emt 00:00:06]} Ke6 {[%clk 00:16:45]} {[%emt 00:00:05]} 50. Ke2
{[%clk 00:26:02]} {[%emt 00:00:08]} Ke5 {[%clk 00:17:12]} {[%emt 00:00:03]} 51.
Ke3 {[%clk 00:26:27]} {[%emt 00:00:05]} g5 {[%clk 00:17:14]} {[%emt 00:00:29]}
52. g3 {[%clk 00:25:19]} {[%emt 00:01:37]} f5 {[%clk 00:16:03]} {[%emt
00:01:41]} 53. f4+ {[%clk 00:25:08]} {[%emt 00:00:40]} Kf6 {[%clk 00:16:19]}
{[%emt 00:00:14]} 54. Bf3 {[%clk 00:22:53]} {[%emt 00:02:45]} Kg6 {[%clk
00:15:18]} {[%emt 00:01:31]} 55. Kd4 {[%clk 00:23:04]} {[%emt 00:00:19]} Kf6
{[%clk 00:14:18]} {[%emt 00:01:31]} 56. Kd5 {[%clk 00:23:13]} {[%emt 00:00:21]}
Kf7 {[%clk 00:14:32]} {[%emt 00:00:16]} 57. Ke5 {[%clk 00:23:35]} {[%emt
00:00:09]} gxf4 {[%clk 00:14:07]} {[%emt 00:00:54]} 58. gxf4 {[%clk 00:23:55]}
{[%emt 00:00:10]} Kg6 {[%clk 00:14:32]} {[%emt 00:00:06]} 59. Ke6 {[%clk
00:24:18]} 1-0